Statistics for Demonyms for US States

Click here to take the quiz!

General Stats

  • This quiz has been taken 24 times
  • The average score is 26 of 50

Answer Stats

StateDemonym% Correct
AlaskaAlaskan
89%
CaliforniaCalifornian
84%
IowaIowan
79%
HawaiiHawaiian
79%
GeorgiaGeorgian
79%
TexasTexan
74%
ArizonaArizonan
74%
New MexicoNew Mexican
74%
NevadaNevadan
74%
South DakotaSouth Dakotan
68%
IdahoIdahoan
68%
New YorkNew Yorker
68%
AlabamaAlabamian
68%
PennsylvaniaPennsylvanian
63%
FloridaFloridian
63%
North DakotaNorth Dakotan
63%
NebraskaNebraskan
63%
Rhode IslandRhode Islander
58%
MinnesotaMinnesotan
58%
MontanaMontanan
58%
OklahomaOklahoman
53%
OhioOhioan
53%
VirginiaVirginian
53%
South CarolinaSouth Carolinian
53%
OregonOregonian
53%
North CarolinaNorth Carolinian
53%
MissouriMissourian
53%
MississippiMississippian
53%
MichiganMichiganian
47%
West VirginiaWest Virginia
47%
MarylandMarylander
47%
KentuckyKentuckian
42%
TennesseeTennessean
42%
WashingtonWashingtonian
42%
ArkansasArkansan
37%
LouisianaLouisianian
37%
IllinoisIllinoisan
37%
VermontVermonter
37%
New JerseyNew Jerseyan
37%
MaineMainer
32%
DelawareDelawarean
32%
IndianaHoosier
32%
WisconsinWisconsinite
32%
UtahUtahn
32%
MassachusettsMassachusettsan
26%
KansasKansan
26%
ConnecticutConnecticuter
26%
New HampshireNew Hampshirite
21%
WyomingWyomingite
21%
ColoradoColorodan
0%

Score Distribution

Percentile by Number Answered

Percent of People with Each Score

Your Score History

You have not taken this quiz